000 00642nam a2200229 a 4500
001 BRCA_3584
005 20190320204337.0
008 060809s1960----fr-a---###---#000-0#fre-#
041 _afre
044 _afr
050 4 _aN2030
_b.S47 1960
100 1 _aSerullaz, Maurice
_99301
245 1 0 _aLes chefs-d´oeuvre de la peinture au Louvre
_cMaurice Serullaz.
260 _aParís
_bLibrairie Hachette
_c1960
300 _a207 p.
_bil.
_c19 cm.
500 _aB252
610 2 4 _aMusee National du Louvre (Paris)
_99302
650 1 4 _aPinturas
_zParís
_99303
650 1 4 _aGalerías y museos
_zFrancia
_97839
902 _aGFM
942 _2lcc
_cB
999 _c3319
_d3319